Informe de la reunion internacional de expertos en legislacion para la igualdad de oportunidades de las personas con discapacidad (Record no. 6164)

MARC details
000 -LEADER
campo de control de longitud fija 01268nam a2200277 i 4500
001 - NÚMERO DE CONTROL
campo de control 6164
003 - IDENTIFICADOR DE NÚMERO DE CONTROL
campo de control ES-MaACL
005 - FECHA Y HORA DE LA ÚLTIMA TRANSACCIÓN
campo de control 20230906144821.0
007 - CAMPO FIJO DE DESCRIPCIÓN FÍSICA--INFORMACIÓN GENERAL
campo de control de longitud fija t|
008 - DATOS DE LONGITUD FIJA--INFORMACIÓN GENERAL
campo de control de longitud fija 890822s1988 sp ||||0| spa d
020 ## - NÚMERO INTERNACIONAL ESTÁNDAR DEL LIBRO
Número Internacional Estándar del Libro 84-852-66-8
080 ## - NÚMERO DE LA CLASIFICACIÓN DECIMAL UNIVERSAL
Número de la Clasificación Decimal Universal 371.91/92:34
080 ## - NÚMERO DE LA CLASIFICACIÓN DECIMAL UNIVERSAL
Número de la Clasificación Decimal Universal 34:371.91/92
245 00 - MENCIÓN DEL TÍTULO
Título Informe de la reunion internacional de expertos en legislacion para la igualdad de oportunidades de las personas con discapacidad
Resto del título : 2-6 de junio 1986, Viena /
Mención de responsabilidad, etc. organizado por Rehabilitacion Internacional en cooperacion con el Centro para el Desarrollo Social y Asuntos Humanitarios de las Naciones Unidas.
250 ## - MENCION DE EDICION
Mención de edición 1a ed.
260 ## - PUBLICACIÓN, DISTRIBUCIÓN, ETC.
Lugar de publicación, distribución, etc. Madrid :
Nombre del editor, distribuidor, etc. Instituto Nacional de Servicios Sociales,
Fecha de publicación, distribución, etc. 1988.
300 ## - DESCRIPCIÓN FÍSICA
Extensión XVI, 459 p. ;
Dimensiones 22 cm.
490 1# - MENCIÓN DE SERIE
Mención de serie Coleccion Servicios Sociales ;
Designación de volumen o secuencia 4
650 ## - PUNTO DE ACCESO ADICIONAL DE MATERIA--TÉRMINO DE MATERIA
Término de materia o nombre geográfico como elemento de entrada Minusválidos-
Subdivisión general Protección, asistencia, etc.-
Subdivisión de forma Legislación-
-- Congresos y asambleas.
9 (RLIN) 15073
710 2# - ENTRADA AGREGADA--NOMBRE DE ENTIDAD CORPORATIVA
Nombre de entidad corporativa o nombre de jurisdicción como elemento de entrada Rehabilitación Internacional.
9 (RLIN) 6414
710 2# - ENTRADA AGREGADA--NOMBRE DE ENTIDAD CORPORATIVA
Nombre de entidad corporativa o nombre de jurisdicción como elemento de entrada Centro de las Naciones Unidas de Desarrollo Social y Asuntos Humanitarios.
9 (RLIN) 2713
710 2# - ENTRADA AGREGADA--NOMBRE DE ENTIDAD CORPORATIVA
Nombre de entidad corporativa o nombre de jurisdicción como elemento de entrada Instituto Nacional de Servicios Sociales (España)
9 (RLIN) 5189
830 0# - PUNTO DE ACCESO ADICIONAL DE SERIE-TÍTULO UNIFORME
Título uniforme Coleccion Servicios Sociales ;
Designación de volumen o secuencia 4
9 (RLIN) 227771
852 ## - LOCALIZACIÓN
Ubicación ES-MaACL
Número de control de estantería L-13322
Sublocalización o colección R.116292
Nota libre . - rust.
Holdings
Estatus retirado Estado de pérdida Estado de daño No para préstamo Biblioteca de origen Biblioteca actual Ubicación en estantería Fecha de adquisición Fuente de adquisición Total de préstamos Signatura topográfica completa Código de barras Visto por última vez Precio de reemplazo Tipo de ítem Koha
        Biblioteca del Ateneo de Madrid Biblioteca del Ateneo de Madrid Depósito 2 17/01/2008     L-13322 1006274 23/02/2023 23/02/2023 Libro impreso